|
|
|
|
| LEADER |
00000nab a2200000uu 4500 |
| 001 |
vtls011450043 |
| 003 |
SK-MaSNL |
| 005 |
20260303151412.0 |
| 008 |
230222|2011 xo |||||||||||||||||eng| |
| 015 |
|
|
|a SNBRB
|
| 035 |
|
|
|a (urnnbn)urn:nbn:sk:snk:ar-006f4r
|
| 035 |
|
|
|a (uuid)8c980911-91ae-4a5f-b005-d5da69afc89f
|
| 035 |
|
|
|a urn:nbn:sk:snk-abcmbm
|
| 040 |
|
|
|a SNKBUCL
|b slo
|c SNKBUCL
|e AACR2
|
| 041 |
0 |
|
|a eng
|
| 044 |
|
|
|a xo
|c SK
|
| 100 |
1 |
|
|a S. H. Saker
|4 aut
|9 1170690
|
| 245 |
1 |
0 |
|a NEW OSCILLATION CRITERIA FOR THIRD ORDER NONLINEAR NEUTRAL DIFFERENCE EQUATIONS
|c S. H. Saker
|
| 773 |
0 |
|
|t Mathematica Slovaca
|g Roč. 61, č. 4 (2011), s. [579]-600
|
| 958 |
|
|
|a OND
|
| 958 |
|
|
|a EUIPO
|
| 958 |
|
|
|a article16
|
| 999 |
|
|
|c 2017545
|d 2019475
|